Анализ информации: технологии, методы, организация: учебно-практическое пособие

Opis bibliograficzny
1. autor: Гордукалова Г. Ф.
Streszczenie:В пособии характеризуются базовые технологии информационно-аналитической деятельности: информационное моделирование, диагностика и прогнозирование объектов. Предложены технологические схемы для ретроспективной, мониторинговой и оперативной диагностики объекта анализа. Детально описаны некоторые специальные технологии аналитики: информационное оппонирование, заимствование наилучшего опыта (бенчмаркинг), информационная диагностика рисков проекта, логистика информационных ресурсов, технологии управления знаниями на предприятии. Предложены варианты создания информационно-аналитических служб. В каждом разделе приведены типовые примеры, практические задания для освоения материала.Пособие предназначено руководителям и сотрудникам служб информации на предприятиях, центрам деловой информации, преподавателям и студентам вузов, профессисонально осваивающих профессию аналитика по специальностям «информационно-библиотечная деятельность», «прикладная информатика», а также широкому кругу создателей обзорно-аналитической продукции.
Język:rosyjski
Wydane: СПб., Профессия, 2009
Seria:Библиотека
Hasła przedmiotowe:
Format: MixedMaterials Książka
KOHA link:https://koha.lib.tpu.ru/cgi-bin/koha/opac-detail.pl?biblionumber=171650

MARC

LEADER 00000nam0a2200000 4500
001 171650
005 20231101222956.0
010 |a 9785939131926 
035 |a (RuTPU)RU\TPU\book\186109 
090 |a 171650 
100 |a 20091207d2009 m y0rusy50 ca 
101 0 |a rus 
102 |a RU 
105 |a y j 000zy 
200 1 |a Анализ информации: технологии, методы, организация  |e учебно-практическое пособие  |f Г. Ф. Гордукалова 
210 |a СПб.  |c Профессия  |d 2009 
215 |a 508 с. 
225 1 |a Библиотека 
330 |a В пособии характеризуются базовые технологии информационно-аналитической деятельности: информационное моделирование, диагностика и прогнозирование объектов. Предложены технологические схемы для ретроспективной, мониторинговой и оперативной диагностики объекта анализа. Детально описаны некоторые специальные технологии аналитики: информационное оппонирование, заимствование наилучшего опыта (бенчмаркинг), информационная диагностика рисков проекта, логистика информационных ресурсов, технологии управления знаниями на предприятии. Предложены варианты создания информационно-аналитических служб. В каждом разделе приведены типовые примеры, практические задания для освоения материала.Пособие предназначено руководителям и сотрудникам служб информации на предприятиях, центрам деловой информации, преподавателям и студентам вузов, профессисонально осваивающих профессию аналитика по специальностям «информационно-библиотечная деятельность», «прикладная информатика», а также широкому кругу создателей обзорно-аналитической продукции. 
606 1 |a Научная информация и документация  |2 stltpush  |3 (RuTPU)RU\TPU\subj\45107  |9 64369 
610 1 |a информация 
610 1 |a технологии 
610 1 |a информационная аналитика 
610 1 |a история 
610 1 |a информационно-аналитические технологии 
610 1 |a информационная диагностика 
610 1 |a информационное прогнозирование 
610 1 |a информационная экспертиза 
610 1 |a бенчмаркинг 
610 1 |a обзорно-аналитическая деятельность 
610 1 |a учебные пособия 
686 |a Ч231я73  |v LBC/SL-A  |2 rubbk 
700 1 |a Гордукалова  |b Г. Ф. 
801 1 |a RU  |b 63413507  |c 20091207 
801 2 |a RU  |b 63413507  |c 20220714  |g RCR 
942 |c BK 
959 |a 119/20091207  |d 1  |e 450,00  |f НМО:1